Quietitude of the mind / (Record no. 9266)

MARC details
000 -LEADER
fixed length control field 00653 a2200205 4500
010 ## - LIBRARY OF CONGRESS CONTROL NUMBER
LC control number ENG-88804
020 ## - INTERNATIONAL STANDARD BOOK NUMBER
Terms of availability 50.00 (app)
035 ## - SYSTEM CONTROL NUMBER
System control number EN-72337
037 ## - SOURCE OF ACQUISITION
Source of stock number/acquisition DBAD / PUB
082 14 - DEWEY DECIMAL CLASSIFICATION NUMBER
Classification number 181.45
090 ## - LOCALLY ASSIGNED LC-TYPE CALL NUMBER (OCLC); LOCAL CALL NUMBER (OCLC)
-- 9439
-- 9439
100 ## - MAIN ENTRY--PERSONAL NAME
Personal name Bhoomananda Tirtha
245 1# - TITLE STATEMENT
Title Quietitude of the mind /
Statement of responsibility, etc by Bhoomananda Tirtha
250 ## - EDITION STATEMENT
Edition statement 3rd ed
260 ## - PUBLICATION, DISTRIBUTION, ETC. (IMPRINT)
Place of publication, distribution, etc Thrissur
Name of publisher, distributor, etc Narayanashrama Tapovanam
Date of publication, distribution, etc 2006
270 ## - ADDRESS
Address Venginissery, P.O. Paralam,
City Thrissur
Postal code 680 575
State or province Kerala
300 ## - PHYSICAL DESCRIPTION
Extent xvii, 221p. :
Dimensions 21cm (pbk)
942 ## - ADDED ENTRY ELEMENTS (KOHA)
Institution code [OBSOLETE] dpl
Koha item type English Books
Call number prefix 181.45 / BHO
Holdings
Withdrawn status Lost status Source of classification or shelving scheme Damaged status Not for loan Collection code Home library Current library Source of acquisition Cost, normal purchase price Total Checkouts Full call number Barcode Date last seen Copy number Uniform Resource Identifier Cost, replacement price Price effective from Koha item type
    Dewey Decimal Classification   Not For Loan Non-fiction D.B.Act.Division D.B.Act.Division DBAD/PUB 50.00   181.45 BHO EN-72337 15/09/2008 1 10243 50.00 15/09/2008 English Books

© Delhi Public Library
Hit Counter
free hit counter